000 00445nam a2200157Ia 4500
003 GCL
008 140319s9999 xx 000 0 eng d
040 _aGCL /
_cGCL
082 0 4 _a621.3813
_bV M
100 1 _aVICTORIA, CARMINE
245 1 0 _aMICROWAVE PROPERTIES OF M A GN E TIC F1 LMS /
_cVICTORIA, CARMINE
260 _a[S.N] :
_bWORLD SCIENTIFIC ،
_c1993
300 _a238 P
650 0 4 _aMICROWAVE COMMUNICATION SYSTEMS
942 _2ddc
_cBK
999 _c17073
_d17073